Najczęściej odwiedzane miasta w Europie - Statystyki

Ogólne statystyki
  • Ten quiz został rozwiązany 49 414 razy
    49 402 od ostatniego zresetowania
  • Średni wynik to 15 z 21
Statystyki odpowiedzi
Odwiedzający Miasto % Poprawnych
17.6 m Paryż
98%
5.96 m Berlin
94%
19.2 m Londyn
93%
5.44 m Madryt
93%
10.1 m Rzym
92%
6.71 m Barcelona
88%
5.51 m Moskwa
81%
8.95 m Praga
78%
3.54 m Lizbona
77%
5.73 m Ateny
76%
8.34 m Amsterdam
71%
6.41 m Wiedeń
71%
6.48 m Mediolan
64%
3.94 m Bruksela
63%
3.83 m Budapeszt
63%
4.07 m Monachium
59%
5.21 m Dublin
56%
5.50 m Wenecja
50%
13.4 m Stambuł
48%
4.00 m St. Petersburg
40%
5.06 m Florencja
24%
Nie znaleziono quizów pasujących do podanych kryteriów
Rozkład punktacji
Procent ludzi z każdym wynikiem
Percentyl według liczby udzielonych odpowiedzi
Twoja historia wyników
Nie rozwiązałeś tego quizu od ostatniego zresetowania